000 00599nam a2200205Ia 4500
005 20250508162100.0
008 008 250505s9999 xx 000 0 eng d
020 _a0-7100-7733-5
037 _aTextual
040 _aFEDL
_beng
_cFEDL
041 _aeng
_2eng
084 _a370.19, LOC
_qFEDL
100 _aLocke Michael
245 0 _aPower and politics in the school system : A guidebook
260 _aLondon, UK
_bRoutledge and Kegan Paul
_c1974
300 _avii,183p
650 _aEducation - Sociology
_9757833
942 _cTEXL
_h370.19, LOC
999 _c1374273
_d1374273